Historie cetrální banky Bulharska

Stručná história centrálnej banky Bulharska, ktorá sa v bulharčine nazýva Blgarska narodna banka.

Salvato in:
Dettagli Bibliografici
Autore principale: Kalabis, Zbyněk
Natura: Capitolo di libro
Lingua:ceco
Soggetti:
Tags: Aggiungi Tag
Nessun Tag, puoi essere il primo ad aggiungerne!!

MARC

LEADER 00000naa a2200000 4500
001 0234531
005 20221104110432.6
041 0 |a cze 
044 |a CZ 
245 1 0 |a Historie cetrální banky Bulharska  |c Zbyněk Kalabis 
520 |a Stručná história centrálnej banky Bulharska, ktorá sa v bulharčine nazýva Blgarska narodna banka. 
610 2 0 |a banky centrálne 
610 2 0 |a dejiny 
610 2 0 |a Bulharsko 
100 1 |a Kalabis, Zbyněk